| 000 | 00432nam a2200181Ia 4500 | ||
|---|---|---|---|
| 005 | 20240823032109.0 | ||
| 008 | 240823s9999||||xx |||||||||||||| ||und|| | ||
| 041 | _aENGLISH | ||
| 082 | _A158.1 P7 | ||
| 100 | _aGanga Suthan | ||
| 245 | 0 | _aNallavaragha Irungal.. Ungalukae | |
| 250 | _a4th | ||
| 260 |
_c2007 _b"Kannadhasan Pathippagam,Ch" |
||
| 500 | _aYES | ||
| 650 |
_aTamil Book _bGeneral |
||
| 942 | _cBK | ||
| 999 |
_c192635 _d192635 |
||